000 00399nam a2200157Ia 4500
008 230718s9999 xx 000 0 und d
041 _aeng
082 _a004.678
_bKOS
100 _aKosiur
_9165457
245 _aUnderstanding Electronic Commerce
260 _c1997
_bMicrosoft
300 _a290
365 _cRs.
_b897.55
700 _aKosiur
_9165457
906 _dB:334724-Feb-2000
_cCOMP
_b134.63
999 _c299986
_d299986